000 00855nam a2200289 a 4500
003 AR-BaBNM
005 20251128205135.0
008 082120s2002 ||||||||||||||000 | spa||
040 _cAR-BaBNM
100 1 _aNascimbene, Mario C.
245 0 0 _aLos italianos y la integración nacional
_bhistoria evolutiva de la colectividad italiana en la Argentina 1835-1965
250 _a2ª ed. aum. y corr.
260 _aBuenos Aires
_bEdiciones Selección Editorial
_c1988
300 _a239 p.
_btablas, gráfs., mapas
504 _aContiene bibliografía
610 2 4 _aColectividad Italiana en la Argentina
650 4 _aCIENCIAS SOCIALES
650 4 _aHISTORIA
650 4 _aDEMOGRAFIA
650 4 _aPOBLACION
650 4 _aINMIGRACION
650 4 _aINMIGRANTES
651 4 _aItalia
651 4 _aArgentina
942 _cBK
998 _cEnrique
999 _c10159
_d10159